000 01334nam a22003497a 4500
001 972
005 20230717104737.0
008 230717b cb ||||| |||| 00| 0 eng d
020 _a0590876120 :
_c$3.99
040 _aBKL
_cBKL
_dSLC
_dWY@
_dDLC
_beng
050 0 0 _aCPB Box no. 1459 vol. 4
082 _a813.54
100 1 _aPeterson, John,
_d1924-2002.
245 1 4 _aThe Littles and their amazing new friend /
_cby John Peterson ; pictures by Roberta Carter Clark ; cover illustration by Jacqueline Rogers.
250 _aFirst Scholastic printing, March 1999.
260 _aNew York :
_bScholastic,
_c1999.
300 _a105 pages :
_billustrations ;
_c20 cm.
490 0 _aThe littles
500 _a"A Little Apple paperback."
505 _aR
520 _aMajor Nick Little and his nephew Tom discover an entire community of tiny people living on top of a big hill when they accidentally fly away in a hot air balloon.
521 _a730
_bLexile
521 _aR
_bRaz-Plus
650 0 _aFantasy.
650 0 _aFriendship
_vFiction.
650 0 _aLittle family (Fictitious characters)
_vFiction.
655 7 _aChildren's stories.
_2lcsh
655 7 _aFantasy fiction.
_2gsafd
700 1 _aClark, Roberta Carter.
_cPictures by
906 _a7
_bcbc
_ccopycat
_d2
_encip
_f20
_gy-genrareb
942 _2ddc
_cBK
_n0
999 _c972
_d972